|
|
|
|
| LEADER |
00000nam0a2200000 4500 |
| 001 |
151568 |
| 005 |
20231101221553.0 |
| 035 |
|
|
|a (RuTPU)RU\TPU\book\164335
|
| 090 |
|
|
|a 151568
|
| 100 |
|
|
|a 20090124d1934 m y0rusy50 ca
|
| 101 |
1 |
|
|a ger
|
| 102 |
|
|
|a RU
|
| 105 |
|
|
|a a j 001zy
|
| 200 |
1 |
|
|a Стереохимия
|e пер. с нем.
|e учебное пособие для вузов
|f Г. Виттиг
|
| 210 |
|
|
|a Москва
|c Госхимтехиздат
|d 1934
|a Ленинград
|
| 215 |
|
|
|a 399 с.
|c ил.
|
| 320 |
|
|
|a Библиогр.: с. 374-381.
|
| 320 |
|
|
|a Предметный указатель: с. 382-397.
|
| 606 |
1 |
|
|a Стереохимия
|2 stltpush
|3 (RuTPU)RU\TPU\subj\56999
|9 74875
|
| 610 |
1 |
|
|a химия
|
| 610 |
1 |
|
|a стереохимия
|
| 610 |
1 |
|
|a углерод
|
| 610 |
1 |
|
|a азот
|
| 610 |
1 |
|
|a кристаллы
|
| 610 |
1 |
|
|a структура
|
| 610 |
1 |
|
|a реакции
|
| 610 |
1 |
|
|a кинетика
|
| 610 |
1 |
|
|a учебные пособия
|
| 675 |
|
|
|a 544.12/.13(075.8)
|v 3
|
| 700 |
|
1 |
|a Виттиг
|b Г.
|g Георг
|
| 801 |
|
1 |
|a RU
|b 63413507
|c 20090124
|g PSBO
|
| 801 |
|
2 |
|a RU
|b 63413507
|c 20130916
|g PSBO
|
| 942 |
|
|
|c BK
|